[Event "Belem op 1st"]
[Site "Belem"]
[Date "2024.04.14"]
[Round "6"]
[White "Amorim, Genaro Jose Melo De"]
[Black "Mendes, Joao Paulo"]
[Result "1/2-1/2"]
[WhiteElo "1894"]
[BlackElo "1960"]
[PlyCount "86"]
[EventDate "2024.04.13"]
[EventType "swiss"]
[EventRounds "6"]
[EventCountry "BRA"]
[SourceTitle "CB18_2024"]
[SourceDate "2024.05.01"]
[SourceVersion "1"]
[SourceVersionDate "2024.05.01"]
[SourceQuality "2"]

1. e4 c6 2. d4 d5 3. Nc3 dxe4 4. Nxe4 Bf5 5. Ng3 Bg6 6. Nf3 Nd7 7. Bd3 Ngf6 8. c3 e6 9. 0-0 Bd6 10. Re1 Qc7 11. Ne4 Nxe4 12. Bxe4 0-0-0 13. Bd3 Rhe8 14. Be3 e5 15. Bxg6 hxg6 16. Qa4 a6 17. dxe5 Nxe5 18. Nxe5 Bxe5 19. h3 Bh2+ 20. Kh1 Be5 21. Qb3 Rd5 22. Rad1 Red8 23. Rxd5 Rxd5 24. Rd1 Rxd1+ 25. Qxd1 Qd7 26. Qxd7+ Kxd7 27. g3 a5 28. Kg2 a4 29. Bc5 Ke6 30. Kf3 Kd5 31. Bf8 Kc4 32. Ke4 Bf6 33. g4 g5 34. f4 gxf4 35. Kxf4 g6 36. Bd6 b5 37. Be5 Be7 38. Ke4 c5 39. Bf4 a3 40. Bc1 axb2 41. Bxb2 Bf6 42. Ba1 Bxc3 43. Bxc3 Kxc3 1/2-1/2

[Event "Florianopolis op 5th"]
[Site "Florianopolis"]
[Date "2019.01.24"]
[Round "5"]
[White "Luz, Arthur Nader"]
[Black "Mendes, Joao Paulo"]
[Result "1-0"]
[WhiteElo "2154"]
[BlackElo "1973"]
[PlyCount "59"]
[EventDate "2019.01.21"]
[EventType "swiss"]
[EventRounds "10"]
[EventCountry "BRA"]
[SourceTitle "CBM 188 Extra"]
[Source "ChessBase"]
[SourceDate "2019.02.26"]
[SourceVersion "1"]
[SourceVersionDate "2019.02.26"]
[SourceQuality "1"]

1. d4 Nf6 2. Bf4 g6 3. Nc3 Bg7 4. e4 d6 5. Qd2 0-0 6. Nf3 c6 7. 0-0-0 b5 8. e5 b4 9. Ne2 Ne4 10. Qe3 d5 11. Ng3 Qa5 12. Kb1 Nc3+ 13. bxc3 bxc3 14. Rd3 Qb4+ 15. Kc1 Qb2+ 16. Kd1 Na6 17. a3 Qxa3 18. Rxc3 Qa1+ 19. Kd2 Qa5 20. Bxa6 Bxa6 21. Qe1 Bb5 22. Qa1 Ba4 23. Rb1 Rfb8 24. Rxb8+ Rxb8 25. Ne2 e6 26. Ne1 c5 27. Be3 Bxe5 28. dxe5 d4 29. Nxd4 Rd8 30. Nd3 1-0

[Event "Florianopolis op 5th"]
[Site "Florianopolis"]
[Date "2019.01.23"]
[Round "4"]
[White "Mendes, Joao Paulo"]
[Black "Jodorcovsky, Paulo Leonardo"]
[Result "1-0"]
[WhiteElo "1973"]
[BlackElo "1722"]
[PlyCount "77"]
[EventDate "2019.01.21"]
[EventType "swiss"]
[EventRounds "10"]
[EventCountry "BRA"]
[SourceTitle "CBM 188 Extra"]
[Source "ChessBase"]
[SourceDate "2019.02.26"]
[SourceVersion "1"]
[SourceVersionDate "2019.02.26"]
[SourceQuality "1"]

1. e4 c5 2. Nf3 Nc6 3. Be2 Nf6 4. Nc3 e6 5. d4 cxd4 6. Nxd4 d5 7. exd5 exd5 8. 0-0 Bd6 9. Bf3 0-0 10. Ndb5 Be6 11. Nxd6 Qxd6 12. Nb5 Qd7 13. Bf4 Rac8 14. Nc3 h6 15. Qd2 Ne7 16. Be5 Ng4 17. Bg3 f5 18. Rfe1 Nf6 19. Rad1 Rfd8 20. Qe2 Rc6 21. Nb5 Ne4 22. Nd4 Rcc8 23. Bxe4 fxe4 24. f3 Nf5 25. fxe4 Nxg3 26. hxg3 Bg4 27. Nf3 Qc6 28. c3 dxe4 29. Rxd8+ Rxd8 30. Qxe4 Qb6+ 31. Nd4 h5 32. Qe7 Rf8 33. b3 Rf6 34. Kh2 Qa5 35. Qxb7 Qg5 36. Re8+ Rf8 37. Rxf8+ Kxf8 38. Qb8+ Kf7 39. Qf4+ 1-0

[Event "Caioba Telecom op"]
[Site "Caioba"]
[Date "2018.08.05"]
[Round "9"]
[White "Mendes, Joao Paulo"]
[Black "Tsuboi, Edson Kenji"]
[Result "0-1"]
[WhiteElo "1978"]
[BlackElo "2232"]
[PlyCount "58"]
[EventDate "2018.08.01"]
[EventType "swiss"]
[EventRounds "9"]
[EventCountry "BRA"]
[SourceTitle "CBM 186 Extra"]
[Source "ChessBase"]
[SourceDate "2018.08.24"]
[SourceVersion "1"]
[SourceVersionDate "2018.08.24"]
[SourceQuality "1"]

1. e4 c5 2. Nf3 Nc6 3. d4 cxd4 4. Nxd4 e6 5. Nc3 Qc7 6. Be2 a6 7. 0-0 Nf6 8. Be3 Bb4 9. f3 0-0 10. a3 Bxc3 11. bxc3 d5 12. Bg5 Nd7 13. exd5 exd5 14. Qd2 Nc5 15. Be3 Re8 16. Nxc6 Qxc6 17. Bd4 Bf5 18. Rfb1 Rac8 19. Bf1 b5 20. Bf2 Na4 21. c4 dxc4 22. Re1 Red8 23. Qg5 Bxc2 24. Re7 Qf6 25. Qxf6 gxf6 26. Rae1 Rc6 27. g4 c3 28. Be3 Re6 29. Rc7 Bb3 0-1

[Event "Caioba Telecom op"]
[Site "Caioba"]
[Date "2018.08.03"]
[Round "6"]
[White "Serafim Junior, Arnor"]
[Black "Mendes, Joao Paulo"]
[Result "1-0"]
[WhiteElo "1813"]
[BlackElo "1978"]
[PlyCount "53"]
[EventDate "2018.08.01"]
[EventType "swiss"]
[EventRounds "9"]
[EventCountry "BRA"]
[SourceTitle "CBM 186 Extra"]
[Source "ChessBase"]
[SourceDate "2018.08.24"]
[SourceVersion "1"]
[SourceVersionDate "2018.08.24"]
[SourceQuality "1"]

1. Nf3 d5 2. g3 c5 3. d3 Nc6 4. Nbd2 Nf6 5. Bg2 e5 6. e4 d4 7. Nc4 Qc7 8. a4 Be7 9. 0-0 Bg4 10. h3 Be6 11. Nfd2 0-0 12. f4 exf4 13. gxf4 Ne8 14. f5 Bd7 15. Nf3 Bf6 16. Nh2 Be5 17. Nxe5 Nxe5 18. Bf4 f6 19. Qe1 Qb6 20. b3 Nc7 21. Qg3 Rae8 22. Ng4 Qd6 23. Rf2 Na6 24. Raf1 Nb4 25. Bxe5 fxe5 26. f6 Bxg4 27. f7+ 1-0

[Event "Caioba Telecom op"]
[Site "Caioba"]
[Date "2018.08.01"]
[Round "1"]
[White "Mendes, Joao Paulo"]
[Black "Fontes, Joao Marques"]
[Result "1-0"]
[WhiteElo "1978"]
[BlackElo "1358"]
[PlyCount "71"]
[EventDate "2018.08.01"]
[EventType "swiss"]
[EventRounds "9"]
[EventCountry "BRA"]
[SourceTitle "CBM 186 Extra"]
[Source "ChessBase"]
[SourceDate "2018.08.24"]
[SourceVersion "1"]
[SourceVersionDate "2018.08.24"]
[SourceQuality "1"]

1. e4 c6 2. d4 d5 3. f3 dxe4 4. fxe4 e6 5. Nf3 Nd7 6. Bd3 Be7 7. 0-0 Ngf6 8. Ng5 e5 9. c3 h6 10. Nf3 Qc7 11. Nbd2 0-0 12. Nc4 exd4 13. cxd4 b5 14. Ne3 Rd8 15. e5 Nd5 16. Nxd5 cxd5 17. Bf4 Qb8 18. Qe1 Nf8 19. Qg3 Qb6 20. Be3 Ng6 21. Rac1 a6 22. Rc2 Bd7 23. h4 h5 24. Ng5 Bxg5 25. Qxg5 Bg4 26. Rcf2 Rf8 27. Rf6 Qc7 28. Rd6 Qe7 29. Rxg6 Qxg5 30. Rxg5 Rae8 31. Bd2 Re6 32. Bf5 Bxf5 33. Rgxf5 g6 34. Rf6 Kg7 35. Bh6+ Kg8 36. Rxe6 1-0

[Event "Belem Amazon op U2200"]
[Site "Belem"]
[Date "2018.05.20"]
[Round "6"]
[White "Reis, Alan de Albuquerque"]
[Black "Mendes, Joao Paulo"]
[Result "1/2-1/2"]
[WhiteElo "2067"]
[BlackElo "1944"]
[PlyCount "80"]
[EventDate "2018.05.18"]
[EventType "swiss"]
[EventRounds "6"]
[EventCountry "BRA"]
[SourceTitle "EXT 2019"]
[Source "ChessBase"]
[SourceDate "2018.10.10"]
[SourceVersion "1"]
[SourceVersionDate "2018.10.10"]
[SourceQuality "1"]

1. d4 Nf6 2. Nf3 e6 3. Bf4 d5 4. e3 Be7 5. Bd3 Nc6 6. 0-0 Nh5 7. c3 Nxf4 8. exf4 h6 9. Ne5 Nxe5 10. fxe5 Bd7 11. Na3 c5 12. Nc2 Qb6 13. b4 cxd4 14. cxd4 Ba4 15. Qg4 g5 16. Ne3 Bb5 17. Bxb5+ Qxb5 18. Qh5 Rc8 19. Rac1 Rxc1 20. Rxc1 Kd7 21. Qxf7 Qxb4 22. Nxd5 exd5 23. Qxd5+ Bd6 24. exd6 Rf8 25. h3 Qb2 26. Rc7+ Kd8 27. Qe4 Qxf2+ 28. Kh2 Qf4+ 29. Qxf4 Rxf4 30. Rxb7 Rxd4 31. Rxa7 Rxd6 32. Kg3 h5 33. Kf3 Rd3+ 34. Ke2 Rg3 35. Kf2 h4 36. Ra5 Kd7 37. Re5 g4 38. Re3 gxh3 39. gxh3 Rg8 40. Re4 Rh8 1/2-1/2

[Event "Belem Amazon op U2200"]
[Site "Belem"]
[Date "2018.05.19"]
[Round "4"]
[White "Lima Filho, Jose Pacifico"]
[Black "Mendes, Joao Paulo"]
[Result "0-1"]
[WhiteElo "1813"]
[BlackElo "1944"]
[PlyCount "65"]
[EventDate "2018.05.18"]
[EventType "swiss"]
[EventRounds "6"]
[EventCountry "BRA"]
[SourceTitle "EXT 2019"]
[Source "ChessBase"]
[SourceDate "2018.10.10"]
[SourceVersion "1"]
[SourceVersionDate "2018.10.10"]
[SourceQuality "1"]

1. d4 Nf6 2. Nf3 d6 3. Bf4 g6 4. Nbd2 Bf5 5. e3 Bg7 6. h3 Nd5 7. Bg5 Nf6 8. Be2 0-0 9. 0-0 d5 10. c4 c6 11. Rc1 h6 12. Bh4 Nh7 13. Qb3 Qd7 14. Bg3 Ng5 15. cxd5 Qxd5 16. Qxb7 Nd7 17. Nxg5 hxg5 18. Bf3 Qa5 19. Rfd1 e5 20. Qb3 Rab8 21. Qa3 Qxa3 22. bxa3 Rb2 23. Bxc6 exd4 24. Nc4 Rxa2 25. exd4 Nf6 26. a4 Ne4 27. Bxe4 Bxe4 28. a5 Bd5 29. Bd6 Re8 30. Ne3 Rxe3 31. fxe3 Rxg2+ 32. Kf1 Ra2 33. Rc5 0-1

[Event "Belem Amazon op U2200"]
[Site "Belem"]
[Date "2018.05.18"]
[Round "2"]
[White "Moraes, Nelson da Silva"]
[Black "Mendes, Joao Paulo"]
[Result "1-0"]
[WhiteElo "2151"]
[BlackElo "1944"]
[PlyCount "87"]
[EventDate "2018.05.18"]
[EventType "swiss"]
[EventRounds "6"]
[EventCountry "BRA"]
[SourceTitle "EXT 2019"]
[Source "ChessBase"]
[SourceDate "2018.10.10"]
[SourceVersion "1"]
[SourceVersionDate "2018.10.10"]
[SourceQuality "1"]

1. e4 c5 2. c3 Nc6 3. d4 cxd4 4. cxd4 d5 5. exd5 Qxd5 6. Nf3 e6 7. Be2 Bb4+ 8. Nc3 Nf6 9. 0-0 Qd8 10. Qb3 a6 11. Rd1 Bxc3 12. bxc3 0-0 13. c4 Re8 14. Bf4 Nh5 15. Be3 Qc7 16. d5 exd5 17. cxd5 Ne5 18. d6 Qd7 19. Nxe5 Rxe5 20. Rac1 Nf6 21. Rc7 Qe8 22. h3 Bd7 23. Qxb7 Rb8 24. Qa7 Ra8 25. Qd4 Rd5 26. Qa1 Rb8 27. Bf3 Rxd1+ 28. Qxd1 Qe6 29. Ra7 Qxa2 30. Qd3 Qa1+ 31. Kh2 Qe5+ 32. g3 Qe6 33. Bg2 h5 34. Rxa6 h4 35. g4 Bb5 36. Qb1 Qe5+ 37. Kg1 Bxa6 38. Qxb8+ Kh7 39. Qb1+ g6 40. Qb6 Bc8 41. Bd4 Qe6 42. Qd8 Ng8 43. Qxh4+ Nh6 44. g5 1-0

[Event "Belem Gambito da Dama op 1st U2000"]
[Site "Belem"]
[Date "2018.02.04"]
[Round "5.1"]
[White "Mendes, Joao Paulo"]
[Black "Santos, Gleydson Jose Barbo"]
[Result "1/2-1/2"]
[WhiteElo "1944"]
[BlackElo "1909"]
[PlyCount "91"]
[EventDate "2018.02.12"]
[EventType "swiss"]
[EventRounds "5"]
[EventCountry "BRA"]
[SourceTitle "EXT 2022"]
[Source "ChessBase"]
[SourceDate "2021.10.06"]
[SourceVersion "1"]
[SourceVersionDate "2021.10.06"]
[SourceQuality "1"]

1. e4 e5 2. Nf3 Nc6 3. Bb5 a6 4. Bxc6 dxc6 5. Nc3 Bg4 6. d3 Qf6 7. Qe2 Bb4 8. Bd2 Ne7 9. h3 Bxf3 10. gxf3 Ng6 11. 0-0-0 Nh4 12. f4 Bxc3 13. Bxc3 Qxf4+ 14. Kb1 Nf3 15. Bb4 0-0-0 16. Bc5 Nd4 17. Bxd4 Rxd4 18. Rhg1 g6 19. Rg4 Qf6 20. Qe3 h5 21. Rg3 Kb8 22. Rf1 Rb4 23. c3 Rb6 24. f4 exf4 25. Rxf4 Qxc3 26. Qc1 Qxc1+ 27. Kxc1 Rh7 28. Rgf3 c5 29. Rxf7 Rxf7 30. Rxf7 Kc8 31. Kc2 Re6 32. Kd2 c4 33. dxc4 Rxe4 34. Rg7 Rh4 35. Rxg6 Rxh3 36. Rg7 Rh1 37. Rh7 h4 38. Kc3 b6 39. Kb4 h3 40. c5 bxc5+ 41. Kxc5 Rh2 42. b3 Rc2+ 43. Kb4 h2 44. a4 Kb7 45. Ka5 Rc5+ 46. Kb4 1/2-1/2

[Event "Belem Gambito da Dama op 1st U2000"]
[Site "Belem"]
[Date "2018.02.02"]
[Round "2.1"]
[White "Alves, Josue Pires"]
[Black "Mendes, Joao Paulo"]
[Result "0-1"]
[WhiteElo "1821"]
[BlackElo "1944"]
[PlyCount "58"]
[EventDate "2018.02.12"]
[EventType "swiss"]
[EventRounds "5"]
[EventCountry "BRA"]
[SourceTitle "EXT 2022"]
[Source "ChessBase"]
[SourceDate "2021.10.06"]
[SourceVersion "1"]
[SourceVersionDate "2021.10.06"]
[SourceQuality "1"]

1. d4 Nf6 2. Nc3 g6 3. Bg5 Bg7 4. e4 d6 5. Qd2 h6 6. Bxf6 Bxf6 7. 0-0-0 Nd7 8. Nd5 Bg7 9. f4 c6 10. Ne3 Nf6 11. Bd3 a5 12. e5 dxe5 13. fxe5 Nd5 14. Nf3 Nb4 15. a3 Nxd3+ 16. Qxd3 Be6 17. c4 0-0 18. d5 cxd5 19. cxd5 Bd7 20. e6 fxe6 21. Qxg6 Qb6 22. Nd4 Rf2 23. Nec2 Rc8 24. Kb1 Rcxc2 25. b4 Rb2+ 26. Ka1 Ra2+ 27. Kb1 Rfb2+ 28. Kc1 Qc7+ 29. Nc6 Qf4+ 0-1

[Event "Para State-ch final"]
[Site "Belem"]
[Date "2017.12.02"]
[Round "4.4"]
[White "Mendes, Joao Paulo"]
[Black "Mota, Romulo Rodrigues"]
[Result "1-0"]
[WhiteElo "1916"]
[BlackElo "1863"]
[PlyCount "67"]
[EventDate "2017.12.01"]
[EventType "swiss"]
[EventRounds "6"]
[EventCountry "BRA"]
[SourceTitle "CBM 182 Extra"]
[Source "ChessBase"]
[SourceDate "2018.02.23"]
[SourceVersion "1"]
[SourceVersionDate "2018.02.23"]
[SourceQuality "1"]

1. Nf3 d5 2. e3 e6 3. c4 c6 4. d4 Bd6 5. Nc3 f5 6. Qc2 Nf6 7. Bd3 Ne4 8. 0-0 0-0 9. Ne5 Nd7 10. f4 g5 11. Nxe4 fxe4 12. Be2 Bxe5 13. dxe5 Qe7 14. Bd2 Rf7 15. b4 Nf8 16. Rab1 Ng6 17. b5 c5 18. b6 axb6 19. Rxb6 gxf4 20. exf4 d4 21. Qxe4 Rxa2 22. Be1 Qf8 23. Bg3 Ne7 24. Bg4 Nc6 25. Bh4 Rg7 26. Bh3 Rg6 27. Bf6 Qh6 28. Rxc6 bxc6 29. Qxc6 Qf8 30. Rb1 Ra6 31. Bxe6+ Bxe6 32. Qxa6 Qe8 33. Qd6 Qd7 34. Rb8+ 1-0

[Event "Belem zt"]
[Site "Belem"]
[Date "2017.08.20"]
[Round "6"]
[White "Albuquerque, Antonio Lazaro"]
[Black "Mendes, Joao Paulo"]
[Result "0-1"]
[WhiteElo "1792"]
[BlackElo "1912"]
[PlyCount "122"]
[EventDate "2017.08.18"]
[EventType "swiss"]
[EventRounds "6"]
[EventCountry "BRA"]
[SourceTitle "CBM 180 Extra"]
[Source "ChessBase"]
[SourceDate "2017.10.06"]
[SourceVersion "1"]
[SourceVersionDate "2017.10.06"]
[SourceQuality "1"]

1. e4 c5 2. Nf3 d6 3. Nc3 g6 4. d4 cxd4 5. Nxd4 Bg7 6. Be3 Bd7 7. Bc4 Nc6 8. 0-0 Rc8 9. Nxc6 bxc6 10. Bd4 Nf6 11. f3 c5 12. Be3 0-0 13. Qd2 Qb6 14. Rab1 Qb4 15. Be2 Bc6 16. a3 Qb7 17. Bc4 Rfd8 18. Qe2 Rb8 19. Rfd1 e6 20. b4 cxb4 21. Rxb4 Qc7 22. Nb5 Bxb5 23. Bxb5 d5 24. Bd3 Rxb4 25. axb4 d4 26. Bg5 h6 27. Bh4 g5 28. Bg3 Qc3 29. e5 Nd5 30. Qe4 Nxb4 31. Be1 Qc5 32. Rb1 Nxd3 33. cxd3 Qxe5 34. Bg3 Qxe4 35. fxe4 Rc8 36. Ra1 Rc3 37. Rd1 Bf8 38. Kf1 Rc2 39. Bf2 Bc5 40. Be1 Kg7 41. Rd2 Rc1 42. Ke2 a5 43. Ra2 Bb4 44. Bxb4 axb4 45. Rb2 Kf6 46. Rxb4 Ke5 47. Kf3 h5 48. Rb5+ Kf6 49. h3 Re1 50. Rb3 Re3+ 51. Kf2 Ke5 52. g3 h4 53. gxh4 gxh4 54. Kg2 Kf4 55. Kh2 Re2+ 56. Kg1 Ke3 57. Rb7 Kxd3 58. Rxf7 Kxe4 59. Rh7 d3 60. Rxh4+ Kf3 61. Kf1 d2 0-1

[Event "Belem zt"]
[Site "Belem"]
[Date "2017.08.19"]
[Round "4"]
[White "Moraes, Nelson da Silva"]
[Black "Mendes, Joao Paulo"]
[Result "1-0"]
[WhiteElo "2244"]
[BlackElo "1912"]
[PlyCount "71"]
[EventDate "2017.08.18"]
[EventType "swiss"]
[EventRounds "6"]
[EventCountry "BRA"]
[SourceTitle "CBM 180 Extra"]
[Source "ChessBase"]
[SourceDate "2017.10.06"]
[SourceVersion "1"]
[SourceVersionDate "2017.10.06"]
[SourceQuality "1"]

1. e4 c5 2. c3 e6 3. d4 cxd4 4. cxd4 d6 5. Nc3 Ne7 6. Nf3 Ng6 7. Bd3 Be7 8. Be3 e5 9. Rc1 0-0 10. 0-0 Bg4 11. h3 Bxf3 12. Qxf3 exd4 13. Bxd4 Nc6 14. Be3 Nce5 15. Qd1 Nxd3 16. Qxd3 Ne5 17. Qb5 Qd7 18. Qxd7 Nxd7 19. Nd5 Bf6 20. Rc7 Ne5 21. Nxf6+ gxf6 22. Rxb7 Rfb8 23. Rxb8+ Rxb8 24. b3 Rb7 25. Rc1 Kf8 26. Rc8+ Ke7 27. Rh8 Nc6 28. Rxh7 Nb4 29. Rh5 Nxa2 30. Ra5 Nc3 31. Rxa7 Rxa7 32. Bxa7 Nxe4 33. Be3 f5 34. Kf1 d5 35. Ke2 Kd6 36. Bd4 1-0

[Event "Belem FEXPA U2200 op 1st"]
[Site "Belem"]
[Date "2017.05.21"]
[Round "5"]
[White "Mendes, Joao Paulo"]
[Black "De Araujo, Jaylson Javier Silv"]
[Result "1/2-1/2"]
[WhiteElo "1899"]
[BlackElo "2065"]
[PlyCount "109"]
[EventDate "2017.05.19"]
[EventType "swiss"]
[EventRounds "6"]
[EventCountry "BRA"]
[SourceTitle "EXT 2018"]
[Source "ChessBase"]
[SourceDate "2017.10.13"]
[SourceVersion "1"]
[SourceVersionDate "2017.10.13"]
[SourceQuality "1"]

1. e4 c5 2. Nf3 d6 3. d4 cxd4 4. Nxd4 Nf6 5. Nc3 a6 6. g3 Nbd7 7. Bg2 g6 8. Be3 Bg7 9. Qd2 Ng4 10. 0-0 Nxe3 11. Qxe3 0-0 12. Rad1 Ne5 13. f4 Ng4 14. Qd3 e5 15. Nde2 Qb6+ 16. Kh1 Nf2+ 17. Rxf2 Qxf2 18. Qxd6 exf4 19. gxf4 Bg4 20. Rf1 Qe3 21. Qd3 Qxd3 22. cxd3 Rad8 23. Bf3 Bh3 24. Rd1 b5 25. d4 Rc8 26. a3 Rfd8 27. e5 Rc7 28. d5 g5 29. d6 Rc4 30. Bd5 gxf4 31. Bxc4 bxc4 32. Nxf4 Bg4 33. Re1 Re8 34. h3 Bd7 35. Ncd5 Rxe5 36. Ne7+ Kf8 37. Rc1 Re4 38. Nh5 Be5 39. Nd5 Bc6 40. d7 Bxd7 41. Nhf6 Bxf6 42. Nxf6 Rd4 43. Nxd7+ Rxd7 44. Rxc4 Rd1+ 45. Kg2 Rd2+ 46. Kg3 Rxb2 47. Ra4 Rb6 48. Kf4 Kg7 49. h4 Kg6 50. Rc4 f6 51. Rd4 Rb5 52. Ra4 a5 53. Rc4 h5 54. Rd4 Rb3 55. Ra4 1/2-1/2

[Event "Belem FEXPA U2200 op 1st"]
[Site "Belem"]
[Date "2017.05.20"]
[Round "4"]
[White "Veiga, Emerson de Sousa"]
[Black "Mendes, Joao Paulo"]
[Result "1-0"]
[WhiteElo "2064"]
[BlackElo "1899"]
[PlyCount "55"]
[EventDate "2017.05.19"]
[EventType "swiss"]
[EventRounds "6"]
[EventCountry "BRA"]
[SourceTitle "EXT 2018"]
[Source "ChessBase"]
[SourceDate "2017.10.13"]
[SourceVersion "1"]
[SourceVersionDate "2017.10.13"]
[SourceQuality "1"]

1. e4 c5 2. Nf3 d6 3. d4 cxd4 4. Nxd4 Nf6 5. Nc3 g6 6. Bc4 Bg7 7. f3 Nc6 8. Nb3 Ne5 9. Be2 Be6 10. Be3 Nc4 11. Bxc4 Bxc4 12. Qd2 h5 13. 0-0-0 Bxb3 14. axb3 Qa5 15. Kb1 Rc8 16. Bd4 Rc6 17. Nd5 Qxd2 18. Rxd2 e5 19. Bxa7 Nxd5 20. Rxd5 Ke7 21. Be3 f5 22. Rhd1 Bf6 23. c4 fxe4 24. fxe4 Ke6 25. Kc2 g5 26. Kc3 h4 27. b4 g4 28. b5 1-0

[Event "Belem Leao Memorial"]
[Site "Belem"]
[Date "2016.06.05"]
[Round "5"]
[White "Mendes, Joao Paulo"]
[Black "Miranda, Max Alessandro Mont"]
[Result "1/2-1/2"]
[WhiteElo "1937"]
[BlackElo "1829"]
[PlyCount "27"]
[EventDate "2016.06.03"]
[EventType "swiss"]
[EventRounds "6"]
[EventCountry "BRA"]
[SourceTitle "CBM 172 Extra"]
[Source "ChessBase"]
[SourceDate "2016.06.21"]
[SourceVersion "1"]
[SourceVersionDate "2016.06.21"]
[SourceQuality "1"]

1. e4 c6 2. d4 d5 3. Nc3 dxe4 4. Nxe4 Bf5 5. Ng3 Bg6 6. Nf3 Nd7 7. Bd3 Bxd3 8. Qxd3 Ngf6 9. Bg5 e6 10. 0-0 Be7 11. Rfe1 h6 12. Bf4 Qb6 13. c4 Qa5 14. Nf5 1/2-1/2

[Event "Belem Leao Memorial"]
[Site "Belem"]
[Date "2016.06.04"]
[Round "3"]
[White "Mendes, Joao Paulo"]
[Black "Cavalheiro, Alvancir Elves"]
[Result "1-0"]
[WhiteElo "1937"]
[BlackElo "1851"]
[PlyCount "65"]
[EventDate "2016.06.03"]
[EventType "swiss"]
[EventRounds "6"]
[EventCountry "BRA"]
[SourceTitle "CBM 172 Extra"]
[Source "ChessBase"]
[SourceDate "2016.06.21"]
[SourceVersion "1"]
[SourceVersionDate "2016.06.21"]
[SourceQuality "1"]

1. e4 c5 2. Nf3 e6 3. d4 cxd4 4. Nxd4 Nf6 5. Nc3 a6 6. g3 d5 7. Bg2 dxe4 8. Bg5 Bc5 9. Nb3 Be7 10. Qxd8+ Bxd8 11. Nc5 Nbd7 12. N3xe4 Nxe4 13. Nxe4 Bc7 14. 0-0-0 0-0 15. h4 h6 16. Bxh6 gxh6 17. Rxd7 Bxd7 18. Nf6+ Kg7 19. Nxd7 Rfd8 20. Bxb7 Ra7 21. Bc6 Bd6 22. Nb6 Bc5 23. Nc4 Rc7 24. Be4 Bxf2 25. Bd3 Rd4 26. b3 Bxg3 27. Rg1 Rcxc4 28. bxc4 Rg4 29. Kd2 f5 30. c5 a5 31. Rxg3 Rxg3 32. c6 Kf6 33. c7 1-0

[Event "Parauapebas op 1st"]
[Site "Parauapebas"]
[Date "2016.03.06"]
[Round "5"]
[White "Mendes, Joao Paulo"]
[Black "Almeida, Luis Fernando Silva"]
[Result "1-0"]
[WhiteElo "1915"]
[BlackElo "1625"]
[PlyCount "53"]
[EventDate "2016.03.04"]
[EventType "swiss"]
[EventRounds "6"]
[EventCountry "BRA"]
[SourceTitle "EXT 2019"]
[Source "ChessBase"]
[SourceDate "2018.10.10"]
[SourceVersion "1"]
[SourceVersionDate "2018.10.10"]
[SourceQuality "1"]

1. e4 c6 2. d4 d5 3. e5 e6 4. Bd3 Ne7 5. Nf3 Ng6 6. h4 h6 7. Bxg6 fxg6 8. Qd3 Qe7 9. Qxg6+ Qf7 10. Qd3 Be7 11. Be3 Na6 12. a3 Bd7 13. c4 Nc7 14. c5 Rf8 15. Nc3 Kd8 16. Ne2 Be8 17. Nf4 Kd7 18. 0-0-0 b5 19. g4 Qg8 20. g5 hxg5 21. hxg5 g6 22. Rh6 Rf5 23. Rdh1 Bf8 24. Rh8 Qf7 25. Qd2 a5 26. Nh4 Rxg5 27. Nfxg6 1-0

[Event "Belem Velha op 3rd"]
[Site "Belem"]
[Date "2015.05.01"]
[Round "2"]
[White "Mendes, Joao Paulo"]
[Black "Farias, Sergio Luiz Cardoso"]
[Result "0-1"]
[WhiteElo "1944"]
[BlackElo "1599"]
[PlyCount "74"]
[EventDate "2015.04.30"]
[EventType "swiss"]
[EventRounds "7"]
[EventCountry "BRA"]
[SourceTitle "CBM 166 Extra"]
[Source "ChessBase"]
[SourceDate "2015.06.18"]
[SourceVersion "1"]
[SourceVersionDate "2015.06.18"]
[SourceQuality "1"]

1. e4 d5 2. exd5 Qxd5 3. c4 Qd8 4. Nc3 Nf6 5. d4 c6 6. Nf3 Bg4 7. Be2 Nbd7 8. a4 a5 9. 0-0 h6 10. Qb3 Qc8 11. c5 e6 12. Bf4 Be7 13. Nd2 Bf5 14. Nc4 0-0 15. Bf3 Ne8 16. Rfe1 g5 17. g4 Bxg4 18. Bxg4 gxf4 19. Rxe6 fxe6 20. Bxe6+ Kh8 21. Nb6 Qd8 22. Nxd7 Rg8+ 23. Bxg8 Qxd7 24. Qe6 Nf6 25. Qxd7 Rxg8+ 26. Kf1 Nxd7 27. Re1 Bg5 28. f3 Nf6 29. Re6 Re8 30. Rd6 Kg7 31. Ne2 Nd5 32. Nc1 Bh4 33. Nd3 Re3 34. Ne5 Re1+ 35. Kg2 Be7 36. Rg6+ Kh7 37. Kh3 Rxe5 0-1